00540cam a22002291 4500001001300000003000400013005001700017008004100034010001700075025002000092035002000112040002100132042001200153050002200165100002200187245002000209260001100229300002500240500001500265500001300280999001700293sa 68003274 DLC20260227112451.0941005s1966 ii a 000 1 telo  asa 68003274  aPL480:I-Te-1452 a(OCoLC)31226864 aDLCcCUdCUdDLC apremarc00aPL4780.9.R296bM32 aRamana Rao, B. V.10aMārgadarśi. c[1966] a183 p.bill.c18 cm. aIn Telugu. aA novel. c79357d79357